¿La competencia por deudores recién incorporados perjudica el acceso al crédito? (Registro nro. 15196)

Detalles MARC
000 -LEADER
fixed length control field 00399 a2200121 4500
001 - CONTROL NUMBER
control field ART_22824
005 - DATE AND TIME OF LATEST TRANSACTION
control field 20260410161701.0
008 - FIXED-LENGTH DATA ELEMENTS--GENERAL INFORMATION
fixed length control field 260409a
100 1# - MAIN ENTRY--PERSONAL NAME
Personal name Balzarotti, Verónica
245 10 - TITLE STATEMENT
Title ¿La competencia por deudores recién incorporados perjudica el acceso al crédito?
700 1# - ADDED ENTRY--PERSONAL NAME
Personal name Anastasi, Alejandra
773 0# - HOST ITEM ENTRY
Title Ensayos Económicos
Related parts - Nº 69 (dic. 2013)
Record control number REV620

No hay ítems disponibles.